000 00718nam a2200265 i 4500
001 C2-0134053
003 PPAK
005 20180727123647.0
008 971201s1996 my a|||| ||||| | may d
020 _a9838270970
040 _aPPAK
_beng
_cPPAK
_erda
082 0 4 _a899.233
_223
090 0 0 _a899.233
_bMJA
_dK
100 0 _aM. Jasni,
_eauthor
245 1 0 _aRaja Suran
264 1 _aKuala Lumpur :
_bPustaka Bakti Wira ,
_c1996
300 _a30 pages :
_billustrations ;
_c25 cm
336 _2rdacontent
_atext
337 _2rdamedia
_aunmediated
338 _2rdacarrier
_avolume
490 1 _aSiri rangkaian budi
650 1 0 _aChildren's stories, Malay
830 0 _aSiri rangkaian budi
942 _ddc
_cB
999 _c42281
_d42281